OGUN’S errant warrior: celebrating Biodun Jeyifo at 70
Պահպանված է:
| Ձևաչափ: | Գիրք |
|---|---|
| Լեզու: | անգլերեն |
| Հրապարակվել է: |
Kraft Books,
2018
|
| Ցուցիչներ: |
Ավելացրեք ցուցիչ
Չկան պիտակներ, Եղեք առաջինը, ով նշում է այս գրառումը!
|
MARC
| LEADER | 00000nam a22000007a 4500 | ||
|---|---|---|---|
| 008 | 210125b ||||| |||| 00| 0 eng d | ||
| 020 | |a 978-978-955-287-0 | ||
| 245 | |a OGUN’S errant warrior: |b celebrating Biodun Jeyifo at 70 |c Femi Osofisan, Wumi Raji |g xlvii, 300p.; ill. | ||
| 250 | |c Femi Osofisan, Wumi Raji | ||
| 260 | |b Kraft Books, |c 2018 |h Ibadan: |i 685514 |i 685515 |i 685515 |i 685517 |i 685518 |l DT515.83 .Og9 |m Jeyifo, Biodun 1946 - |m Authors, - Nigerian – Biography. |m Politics and literature – Nigeria. | ||
| 500 | |a “It includes references”. | ||
| 942 | |a lcc |c BK |e Adeniran, F. A |f 25/01/2021 | ||
| 952 | |0 0 |1 0 |2 lcc |4 0 |6 DT051583 O G9 |7 0 |9 1794 |a HOL |b AC |c AF |d 2021-01-25 |l 0 |o DT515.83 .Og9 |p 2021-5667 |r 2021-01-25 00:00:00 |w 2021-01-25 |y BK | ||
| 952 | |0 0 |1 0 |2 lcc |4 0 |6 DT051583 O G9 |7 0 |9 1795 |a HOL |b ART |c AF |d 2021-01-25 |l 0 |o DT515.83 .Og9 |p 2021-5668 |r 2021-01-25 00:00:00 |w 2021-01-25 |y BK | ||
| 952 | |0 0 |1 0 |2 lcc |4 0 |6 DT051583 O G9 |7 0 |9 1796 |a HOL |b HOL |c AF |d 2021-01-25 |l 0 |o DT515.83 .Og9 |p 2021-5669 |r 2021-01-25 00:00:00 |w 2021-01-25 |y BK | ||
| 952 | |0 0 |1 0 |2 lcc |4 0 |6 DT051583 O G9 |7 0 |9 1797 |a HOL |b HOL |c AF |d 2021-01-25 |l 0 |o DT515.83 .Og9 |p 2021-5670 |r 2021-01-25 00:00:00 |w 2021-01-25 |y BK | ||
| 952 | |0 0 |1 0 |2 lcc |4 0 |6 DT051583 O G9 |7 0 |9 1798 |a HOL |b HOL |c AF |d 2021-01-25 |l 0 |o DT515.83 .Og9 |p 2021-5671 |r 2021-01-25 00:00:00 |w 2021-01-25 |y BK | ||
| 999 | |c 947 |d 947 | ||